[Event "Catalunya-ch (Women)"]
[Site "Girona"]
[Date "2009.12.27"]
[Round "1"]
[White "Castillo Escario, Marta"]
[Black "Barbosa Rubies, Laia"]
[Result "0-1"]
[WhiteElo "1495"]
[BlackElo "1819"]
[PlyCount "116"]
[EventDate "2009.12.27"]
[EventType "swiss"]
[EventRounds "6"]
[EventCountry "ESP"]
[SourceTitle "EXT 2019"]
[Source "ChessBase"]
[SourceDate "2018.10.10"]
[SourceVersion "1"]
[SourceVersionDate "2018.10.10"]
[SourceQuality "1"]

1. e4 e6 2. d4 d5 3. Nd2 Nf6 4. e5 Nfd7 5. Bd3 c5 6. c3 Nc6 7. Ne2 cxd4 8. cxd4 Bb4 9. a3 Ba5 10. b4 Bb6 11. Nf3 f6 12. exf6 Nxf6 13. Bg5 Qd6 14. Bf4 Qe7 15. Bc2 Bc7 16. Bxc7 Qxc7 17. Ng3 0-0 18. 0-0 Bd7 19. Re1 Rae8 20. Ne5 Re7 21. Rc1 Qb6 22. Nxc6 bxc6 23. Re5 Ref7 24. Qd3 g6 25. f3 Rb8 26. Rce1 a5 27. bxa5 Qxa5 28. Rb1 Rff8 29. h4 Rxb1+ 30. Bxb1 Qb5 31. Qxb5 cxb5 32. h5 Rc8 33. Ne2 Nxh5 34. Re3 Nf6 35. Rb3 Ne8 36. Nc3 Nd6 37. Bd3 Nc4 38. Nxb5 Bxb5 39. Rxb5 Nxa3 40. Rb7 Rc3 41. Bb5 Rb3 42. Bc6 Rxb7 43. Bxb7 Nc2 44. Kf2 Nxd4 45. Ke3 Nf5+ 46. Kd3 Kf7 47. Ke2 Kf6 48. Ba6 h5 49. Bd3 g5 50. Kd2 h4 51. Bf1 d4 52. Kd3 Ne3 53. Ke2 Nxf1 54. Kxf1 Kf5 55. Ke1 Kf4 56. Kf2 e5 57. Ke2 Kg3 58. Kf1 d3 0-1

[Event "Barcelona Torxa op 2nd"]
[Site "Barcelona"]
[Date "2009.09.02"]
[Round "2"]
[White "Custodio Criado, Jofre"]
[Black "Castillo Escario, Marta"]
[Result "0-1"]
[WhiteElo "1704"]
[BlackElo "1850"]
[PlyCount "94"]
[EventDate "2009.09.01"]
[EventType "swiss"]
[EventRounds "7"]
[EventCountry "ESP"]
[SourceTitle "EXT 2024"]
[Source "ChessBase"]
[SourceDate "2023.10.10"]
[SourceVersion "1"]
[SourceVersionDate "2023.10.10"]
[SourceQuality "1"]

1. e4 c5 2. Bc4 e6 3. Nc3 Nc6 4. d3 Nge7 5. Nf3 g6 6. 0-0 Bg7 7. Be3 b6 8. Bf4 a6 9. a4 d5 10. exd5 exd5 11. Bb3 0-0 12. h3 Be6 13. Qc1 Nb8 14. Bh6 Nf5 15. Bg5 f6 16. Bd2 Kh8 17. Qe1 Re8 18. Qb1 d4 19. Nd1 Bd5 20. c4 Bb7 21. Qa2 Nd7 22. a5 Ne5 23. Nxe5 fxe5 24. Ba4 Rf8 25. b4 Qd6 26. Qa3 Rac8 27. b5 Qe6 28. bxa6 Bxa6 29. Qb2 bxa5 30. Re1 Rb8 31. Qa3 Qb6 32. Bb5 Bxb5 33. cxb5 Qxb5 34. Qc1 Qxd3 35. Qxc5 Qxd2 36. Nc3 Qxc3 37. Qd5 a4 38. Rxe5 Qxa1+ 39. Kh2 Bxe5+ 40. Qxe5+ Ng7 41. h4 a3 42. g4 a2 43. h5 gxh5 44. gxh5 Qc1 45. h6 Qxh6+ 46. Qh5 Qxh5+ 47. Kg1 a1Q+ 0-1